Statistiken für Länder die für ihre Berge bekannt sind

Klicken Sie hier um das Quiz zu spielen!

Allgemein

  • Dieses Quiz wurde 437 mal gespielt
  • Das Durchschnittsergebnis liegt bei 10 aus 19

Antwortstatistiken

Antwort% Korrekt
Österreich
94%
Schweiz
93%
Nepal
88%
Alpen
86%
Liechtenstein
77%
Anden
75%
Himalaya
75%
Peru
75%
Bolivien
72%
Bhutan
70%
Ecuador
67%
Tibet
51%
Kaukasus
34%
Georgien
33%
Tschetschenien
12%
Abchasien
11%
Ossetien
7%
Altai
4%
Altai
4%

Verteilung der Resultate

Perzentil nach korrekt beantworteten Fragen

Anzahl Personen mit jedem Resultat

Ihre Resultats-Entwicklung

Sie haben dieses Quiz noch nicht gespielt